ပြည်ထောင်စုမြန်မာနိုင်ငံ လူမှုပထဝီ/ (Record no. 27286)

000 -LEADER
fixed length control field 01151nam a22001937a 4500
005 - DATE AND TIME OF LATEST TRANSACTION
control field 20241203152614.0
008 - FIXED-LENGTH DATA ELEMENTS--GENERAL INFORMATION
fixed length control field 230718b ||||| |||| 00| 0 eng d
040 ## - CATALOGING SOURCE
Transcribing agency SSBUL
082 ## - DEWEY DECIMAL CLASSIFICATION NUMBER
Classification number ၃၀၄.၂၉၅၉၁ ထွန်း
Edition number 23
Item number ၁၆၀၃၃ S-SAT
100 0# - MAIN ENTRY--PERSONAL NAME
Personal name ထွန်းအောင်၊
Titles and words associated with a name ဦး။
9 (RLIN) 28095
245 10 - TITLE STATEMENT
Title ပြည်ထောင်စုမြန်မာနိုင်ငံ လူမှုပထဝီ/
Statement of responsibility, etc. ဦးထွန်းအောင်၊ ဦးဘိုးသွယ်နှင့် ဆရာကြီးဦးတိုးမြိုင်။
260 ## - PUBLICATION, DISTRIBUTION, ETC.
Place of publication, distribution, etc. ရန်ကုန် ၊
Name of publisher, distributor, etc. [ဦးထွန်းအောင်]၊
Date of publication, distribution, etc. [ခုနှစ်မပါ]။
300 ## - PHYSICAL DESCRIPTION
Extent ဇ၊ ၂၆၀ စာမျက်နှာ၊
Other physical details မြေပုံများ၊
Dimensions ၂၂ စင်တီ။
500 ## - GENERAL NOTE
General note S-SAT: Dr. Sai Aung Tun Collection
650 ## - SUBJECT ADDED ENTRY--TOPICAL TERM
Topical term or geographic name entry element လူမှုပထဝီ
Geographic subdivision မြန်မာနိုင်ငံ။
9 (RLIN) 28096
700 ## - ADDED ENTRY--PERSONAL NAME
Personal name ဘိုးသွယ်၊
Titles and other words associated with a name ဦး။
9 (RLIN) 28097
Personal name တိုးမြိုင်၊
Titles and other words associated with a name ဦး၊ ဆရာကြီး။
9 (RLIN) 28098
942 ## - ADDED ENTRY ELEMENTS (KOHA)
Source of classification or shelving scheme
Koha item type Book (Short term)
Holdings
Withdrawn status Lost status Source of classification or shelving scheme Damaged status Not for loan Collection code Permanent Location Current Location Shelving location Date acquired Total Checkouts Full call number Barcode Date last seen Price effective from Koha item type Accession
          Special Collections Shan State Buddhist University Library Shan State Buddhist University Library Special Collection Shelves 18/07/2023   ၃၀၄.၂၉၅၉၁ ထွန်း ၁၆၀၃၃ S-SAT MB00016033 18/07/2023 18/07/2023 Book (Short term) ၁၆၀၃၃ S-SAT

Library - 09407999929
Admin Office - 09407999979
Dean Office - 09250910768
Registrar Office - 09892297154
Email - [email protected]
Shan State Buddhist University, Phaya Phyu Taunggyi, Shan State, Myanmar.